| 000 | 00375nam a2200145Ia 4500 | ||
|---|---|---|---|
| 008 | 240624s9999 xx 000 0 und d | ||
| 041 | _aeng | ||
| 082 | _a658.15 CHA | ||
| 100 | _aCHANDRA PRASANNA | ||
| 245 | _aFINANCIAL MANAGEMENT THEORY AND PRACTICE | ||
| 250 | _a(6th ed.) | ||
| 260 |
_c2004 _aNew Delhi _bTata McGrawhill |
||
| 300 | _axxix, : 1155 : cm. ; 24 | ||
| 365 | _cRS | ||
| 999 |
_c110 _d110 |
||